A gyomornyálkahártya vérátáramlásának mérése radioaktív anyagok clearance módszerével

Elmentve itt :
Bibliográfiai részletek
Szerzők: Döbrönte Zoltán
Haring Marion
Koch Helmut
Dokumentumtípus: Cikk
Megjelent: 1978
Sorozat:KÍSÉRLETES ORVOSTUDOMÁNY 30
Tárgyszavak:
mtmt:1436899
Online Access:http://publicatio.bibl.u-szeged.hu/33723
LEADER 00761nab a2200217 i 4500
001 publ33723
005 20250603113044.0
008 250603s1978 hu o 000 hun d
022 |a 0023-1878 
024 7 |a 1436899  |2 mtmt 
040 |a SZTE Publicatio Repozitórium  |b hun 
041 |a hun 
100 1 |a Döbrönte Zoltán 
245 1 2 |a A gyomornyálkahártya vérátáramlásának mérése radioaktív anyagok clearance módszerével  |h [elektronikus dokumentum] /  |c  Döbrönte Zoltán 
260 |c 1978 
300 |a 580-584 
490 0 |a KÍSÉRLETES ORVOSTUDOMÁNY  |v 30 
650 4 |a Általános orvostudomány 
700 0 1 |a Haring Marion  |e aut 
700 0 1 |a Koch Helmut  |e aut 
856 4 0 |u http://publicatio.bibl.u-szeged.hu/33723/7/aok_klny_149_78.pdf  |z Dokumentum-elérés